Nik Quiz - Statistics

General Stats
  • This quiz has been taken 6 times
  • The average score is 3 of 6
Answer Stats
Hint Answer % Correct
Hawk _____ Tuah
100%
Nik's best haircut buzz
67%
What type of motor do you have? Johnson 50
67%
Juggernauts _________ Boxing club
33%
This teacher used to favor Nik Mrs. Fairchild
33%
Ford ______ Ranger
33%
No matching quizzes found
Score Distribution
Percent of People with Each Score
Percentile by Number Answered
Your Score History
You have not taken this quiz